000 01149nam a22003135a 4500
003 EG-ScBUE
005 20211129104907.0
008 170724s2013 ua f 000 e ara d
017 _a2010 / 4946
020 _a9789774799393
040 _aEG-ScBUE
_bara
_erda
_cEG-ScBUE
_dEG-ScBUE
082 0 4 _a892.74
_bع و ض
_222
100 1 _aعوض، وفاء،
_eمؤلف.
245 1 0 _aترحال :
_bمجموعة من المقالات في أدب الرحلة /
_cوفاء عوض.
250 _aالطبعة الأولى.
264 1 _aالقاهرة :
_bالمجلس الأعلى للثقافة،
_c2013.
300 _a632 صفحة ؛
_c24 سم
336 _2rdacontent
_aنص
_btxt
337 _2rdamedia
_aبدون وسيط
_bn
338 _2rdacarrier
_aمجلد
_bnc
590 _aWessam
650 7 _aالرحلات في الأدب العربي
_zمصر.
_2BUEsh
650 7 _aالمقالات العربية
_zمصر.
_2BUEsh
_9152
650 7 _aالأدب العربي
_zمصر
_yقرن 21
_vمقالات ومحاضرات.
_2BUEsh
_941806
651 _2BUEsh
653 _bARALIT
_bGGEN
_cJuly2017
655 _vReading book
_934232
942 _2ddc
999 _c25066
_d25038